| 000 | 00398nam a2200157Ia 4500 | ||
|---|---|---|---|
| 008 | 151213s9999 xx 000 0 und d | ||
| 100 | _aJohans Mackenzie | ||
| 245 |
_aA . Manual Of Ethics _cJohans Mackenzie |
||
| 250 | _a6th | ||
| 260 |
_aLondon _bUniversity Tutorial Press _c1929 |
||
| 300 | _a3766 p. | ||
| 650 | _aEthics | ||
| 650 | _aReference | ||
| 700 | _aJohans Mackenzie | ||
| 999 |
_c2480 _d2480 |
||